000 00282nam a22001337a 4500
008 170606b xxu||||| |||| 00| 0 eng d
020 _a9780582089228
041 _aeng
080 _22ND
_a94(4)
100 _a18
101 _aSHH
245 _aRUSSIA
_cACTON,E
942 _2udc
_cBK
999 _c16058
_d16058